000 00938nam a22002897a 4500
001 BR7000345
003 BR-BrBNA
005 20230928083558.0
007 ta
008 230509b bl.||||| |||| 00| 0 por d
040 _aBR-BrBNA
_bpor
_cBiblioteca Nacional de Agricultura
041 _a(Por)
072 _aE70; F00; L00
_b/G514
090 _ E70 BR7000345
110 1 _aCompanhia de Desenvolvimento do Planalto, Brasilia, DF (Brasil)
_92355
245 1 _aDiagnostico do abastecimento de produtos alimenticios do Distrito Federal [Brasil]
_bTomo 2 v. 1 A producao agropecuaria
260 3 _aBrasilia, DF (Brasil):
_c1970.
300 _a256 p.
500 _a149 tables; 17 Maps, scales 1:50.000; 1:100.000; 1:400.000
650 _aComercializacao
650 _aProducao vegetal
650 _aProducao animal
650 _aAbastecimento
650 _aDistrito Federal
909 _a202309
_bLucia
_c55
_dLucia Elande
942 _cBK
999 _c14278
_d14278